000 01827nam a2200577 i 4500
001 44807
003 KOSZ 005
005 20220331090747.0
008 980713s1997 pl a |000 0 pol
015 _aUWD 1997/16302
020 _a8302066559
035 _a991005231069705066
035 _a(PL-WaBN)b11370294-48omnis_nlop
035 _ab11370294
035 _a(OCoLC)749952107
035 _a(PL)b0000001137029
035 _a(EXLNZ-48OMNIS_NETWORK)9910521665205606
040 _aWA N
_cWA N
_dKOSZ 005/HR
046 _k1997
080 _a37.064.2
080 _a37.091.5
080 _a159.94-057.874
080 _a316.344
080 _a316.64
100 1 _aMieszalski, Stefan
_d(1946- )
_eAutor
245 1 0 _aO przymusie i dyscyplinie w klasie szkolnej /
_cStefan Mieszalski.
260 _aWarszawa :
_bWydawnictwa Szkolne i Pedagogiczne,
_c1997.
300 _a123, [1] s. :
_brys. ;
_c24 cm.
336 _aTekst
_btxt
_2rdacontent
337 _aBez urządzenia pośredniczącego
_bn
_2rdamedia
338 _aWolumin
_bnc
_2rdacarrier
380 _aKsiążki
388 _a1901-2000
388 _a1989-2000
490 1 _aLiteratura Pedagogiczna
504 _aBibliogr. s. 121-123.
650 7 _aDyscyplina szkolna
_2DBN
650 7 _aNauczyciele
_2DBN
650 7 _aPostawy
_2DBN
650 7 _aPrzymus
_2DBN
650 7 _aUczniowie
_2DBN
650 7 _aWychowanie
650 7 _aZachowanie
_2DBN
658 _aEdukacja i pedagogika
658 _aPsychologia
710 2 _aWydawnictwa Szkolne i Pedagogiczne
_4pbl
830 0 _aLiteratura Pedagogiczna
856 _uhttp://koha.tu.koszalin.pl/cgi-bin/koha/opac-detail.pl?biblionumber=44807
_yKatalog online BPK
942 _2UKD
_cKS
999 _c44807
_d44807